01380 2200193 4500001002100000005001500021035002000036008004100056245008300097100002100180250000600201260003200207300003300239084001400272520087000286082000801156650001001164990001201174INLIS00000000000004020240711093834 a0010-0424000016240711 1 ind 1 aI Am Sarahza ( Dimana Ada Harapan Disitu Ada Kehidupan ) /cHanum Salsabila R. aSalsabila, Hanum a1 aJakarta :bRepublika,c2018 a368 hlm ;c13.5 cm x 20.5 cm a813 HAN i aManusia bilang di mana ada kehidupan, di situ ada harapan. Tapi bagiku, ruh yang telah dinasibkan di Lauhul Mahfudz, selama manusia memelihara harapan, maka aku akan selalu hidup. Dari Alam Rahim, aku menyaksikan bagaimana kedua orangtuaku jatuh bangun memerolehku. Melewati puluhan terapi, menghadapi ratusan jarum suntik, sayatan pisau operasi, berkali inseminasi dan gagal bayi tabung, bahkan sampai harus melalui badai depresi.Meski segala ilmu manusia akhirnya bertekuk lutut pada Pencipta Ilmu Segala Ilmu, kedua orangtuaku tak menyerah. Bahkan setelah ibu menjadi tak sempurna karena upayanya.Tahukah apa yang membuat Pencipta bisa Luluh pada hamba-Nya? Dengan segala usaha dan penyerahan diri sepenuhnya, akhirnya takdirku ke dunia dihantarkan oleh ribuan malaikat yang bersujud pada manusia-manusia yang sabar dan berupaya.Inilah kisahku. I am Sarahza a813 4aFiksi a0737341